Wybierz gminy graniczące z gminą Gierałtowice - Statystyki

Ogólne statystyki
  • Ten quiz został rozwiązany 5 razy
  • Średni wynik to 8 z 12
Statystyki odpowiedzi
Zagadnienie Komórka Select % Poprawnych
gminy graniczące z gminą Gierałtowice Gliwice Tak
100%
gminy graniczące z gminą Gierałtowice Katowice Nie
100%
gminy graniczące z gminą Gierałtowice Knurów Tak
100%
gminy graniczące z gminą Gierałtowice Pilchowice Nie
100%
gminy graniczące z gminą Gierałtowice Pyskowice Nie
100%
gminy graniczące z gminą Gierałtowice Ornontowice Tak
50%
gminy graniczące z gminą Gierałtowice Orzesze Nie
50%
gminy graniczące z gminą Gierałtowice Ruda Śląska Tak
50%
gminy graniczące z gminą Gierałtowice Sośnicowice Nie
50%
gminy graniczące z gminą Gierałtowice Zabrze Tak
50%
gminy graniczące z gminą Gierałtowice Czerwionka-Leszczyny Tak
0%
gminy graniczące z gminą Gierałtowice Mikołów Tak
0%
Nie znaleziono quizów pasujących do podanych kryteriów
Rozkład punktacji
Procent ludzi z każdym wynikiem
Percentyl według liczby udzielonych odpowiedzi
Twoja historia wyników
Nie rozwiązałeś tego quizu